Normal view
MARC view
Entry Personal Name
001 - CONTROL NUMBER
- control field: 2881
003 - CONTROL NUMBER IDENTIFIER
- control field: AM-YEHGA
005 - DATE AND TIME OF LATEST TRANSACTION
- control field: 20250617070439.0
008 - FIXED-LENGTH DATA ELEMENTS
- fixed length control field: 060406 a|ac|n|aab||||||||||||a |n|||||||
040 ## - CATALOGING SOURCE
- Original cataloging agency: AM-YEHGA
100 1# - HEADING--PERSONAL NAME
- Personal name: Բալաղյան, Սամվել Աղայի,
- Dates associated with a name: 1865-1950
400 1# - SEE FROM TRACING--PERSONAL NAME
- Personal name: Բալաղյան, Սամվել,
- Dates associated with a name: 1865-1950
400 1# - SEE FROM TRACING--PERSONAL NAME
- Personal name: Բալաղյան, Ս.
- Fuller form of name: (Սամվել),
- Dates associated with a name: 1865-1950
400 1# - SEE FROM TRACING--PERSONAL NAME
- Personal name: Բալաղյան, Սամուել,
- Dates associated with a name: 1865-1950
400 1# - SEE FROM TRACING--PERSONAL NAME
- Personal name: Բալաղեան, Սամուէլ,
- Dates associated with a name: 1865-1950
400 1# - SEE FROM TRACING--PERSONAL NAME
- Personal name: Բալաղեան, Ս.
- Fuller form of name: (Սամուէլ),
- Dates associated with a name: 1865-1950
400 1# - SEE FROM TRACING--PERSONAL NAME
- Personal name: Балагян, Самвел Агаевич,
- Dates associated with a name: 1865-1950
400 1# - SEE FROM TRACING--PERSONAL NAME
- Personal name: Balaghyan, Samvel Aghai,
- Dates associated with a name: 1865-1950
670 ## - SOURCE DATA FOUND
- Source citation: Հայկական համառոտ հանրագիտարան, 1990 :
- Information found: հ. 1 (Բալաղյան Սամվել Աղայի [29.1.1865, Գանձակ - 30.10.1950, Թբիլիսի], հայ կենսաբան-դարվինիստ); bIն.տ. (Թբիլիսիում Հայ հրատ. ընկ-յան հիմնադիրներից է)
670 ## - SOURCE DATA FOUND
- Source citation: Դարվինիզմ, 1926 :
- Information found: տիտղթ. (Կազմ. Սամուել Բալաղյան)
670 ## - SOURCE DATA FOUND
- Source citation: Դարվինիզմ, 1894 :
- Information found: տիտղթ. (Սամուէլ Բալաղեան)
ՀՀ Գիտությունների ազգային ակադեմիայի հիմնարար գիտական գրադարան = Fundamental Scientific Library of NAS RA
All site content, except where otherwise noted, is licensed under a